| 000 | 01026nam a2200193Ia 4500 | ||
|---|---|---|---|
| 003 | Ost | ||
| 005 | 20260507075743.0 | ||
| 008 | 260507s9999||||xx |||||||||||||| ||und|| | ||
| 040 | _cfsecg | ||
| 041 | _aara | ||
| 082 | _a330 | ||
| 100 |
_aصلوخ، فوزي _eمؤلف |
||
| 245 | 0 |
_aتحولات دولية في ظل العولمة / _c فوزي صلوخ |
|
| 260 |
_aبيروت: _bدار المنهج اللبناني, _c2001 |
||
| 300 |
_a326 صفحة؛ _bإيضاحات ؛ _c24 سم |
||
| 520 | _aقراءة في خطاب مستشار الرئسي الامريكي ساندي بيرغر- ما وراء تعديل مخصصات العمليات الاجنبية- أوراق من تجربة شخصية في النمسا- حزب الحرية وزعيمه هايدور والصهيونية- الإنتشار اللبناني في إفريقيا من التاريخ الى القيمة- معضلات افريقيا والحاجة الملحة الى إدارة سليمة. | ||
| 653 | _aالعولمة | ||
| 942 | _cكتاب | ||
| 999 |
_c46163 _d46163 |
||